Tuyển tập nghiên cứu biển = Collection of marine research works

Giới thiệu 12 bài báo cáo nghiên cứu về biển.

Αποθηκεύτηκε σε:
Λεπτομέρειες βιβλιογραφικής εγγραφής
Συλλογικό Έργο: Viện Hàn lâm Khoa học và Công nghệ Việt Nam, Viện Hải dương học
Μορφή: Βιβλίο
Γλώσσα:Undetermined
Έκδοση: Hà Nội Nxb. Khoa học tự nhiên và Công nghệ 2014
Θέματα:
Ετικέτες: Προσθήκη ετικέτας
Δεν υπάρχουν, Καταχωρήστε ετικέτα πρώτοι!
Thư viện lưu trữ: Trung tâm Học liệu Trường Đại học Cần Thơ
LEADER 00877nam a2200217Ia 4500
001 CTU_226300
008 210402s9999 xx 000 0 und d
082 |a 577.7 
082 |b V305/T.20 
110 |a Viện Hàn lâm Khoa học và Công nghệ Việt Nam 
110 |b Viện Hải dương học 
245 0 |a Tuyển tập nghiên cứu biển = 
245 0 |b Collection of marine research works 
245 0 |c Viện Hàn lâm Khoa học và Công nghệ Việt Nam. Viện Hải dương học 
260 |a Hà Nội 
260 |b Nxb. Khoa học tự nhiên và Công nghệ 
260 |c 2014 
520 |a Giới thiệu 12 bài báo cáo nghiên cứu về biển. 
650 |a Marine resources,Tài nguyên biển 
904 |i Giang 
980 |a Trung tâm Học liệu Trường Đại học Cần Thơ